00166nam a2200073Ia 4500100001400000245003300014260003300047546001200080 aLuzadder  aFund. Of Engineering Drawing bPrentice Hall of Indiac2001 aENGLISH